[Event "Quebec-ch U12"]
[Site "Montreal CAN"]
[Date "2018.01.13"]
[Round "2"]
[White "Gonzalez, Tristan"]
[Black "Liu, Kevin"]
[Result "0-1"]
[WhiteElo "1322"]
[BlackElo "1556"]
[PlyCount "124"]
[EventDate "2018.01.12"]
[EventType "swiss"]
[EventRounds "5"]
[EventCountry "CAN"]

1. e4 c5 2. Nc3 Nc6 3. f4 g6 4. Bb5 Bg7 5. Bxc6 bxc6 6. Nf3 d6 7. d3 Rb8 8. O-O
Nf6 9. Qe1 O-O 10. Qh4 h6 11. f5 g5 12. Qg3 Nh5 13. Qe1 e6 14. g4 Nf6 15. Qg3
exf5 16. gxf5 Re8 17. Rf2 g4 18. Ne1 Rb7 19. Rg2 Rbe7 20. Bf4 Rd7 21. h3 h5 22.
Bg5 Qb6 23. Bxf6 Bxf6 24. Rb1 Bxc3 25. Qh4 Bd4+ 26. Kh1 Qd8 27. Qxh5 Qf6 28.
Rxg4+ Kf8 29. Nf3 Ke7 30. Nxd4 cxd4 31. Re1 Rh8 32. Qg5 Rxh3+ 33. Kg2 Qxg5 34.
Rxg5 Rh6 35. Rg8 Bb7 36. Kg3 Kf6 37. Re2 Re7 38. Rd8 d5 39. e5+ Kxf5 40. Rf2+
Kg5 41. Rg8+ Rg6 42. Rh8 f6 43. exf6 Rxf6 44. Rfh2 Re3+ 45. Kg2 Re2+ 46. Kg3
Rxh2 47. Rxh2 Rf4 48. Rh7 Rg4+ 49. Kf2 Bc8 50. Rxa7 Rh4 51. Rc7 Bg4 52. Rxc6
Kf4 53. Rf6+ Bf5 54. Rd6 Rh2+ 55. Kg1 Kg3 56. Rxd5 Bg4 57. Rxd4 Rd2 58. Rxg4+
Kxg4 59. Kf1 Rxc2 60. a4 Rxb2 61. Ke1 Ra2 62. a5 Kf5 0-1

[Event "Quebec-ch U12"]
[Site "Montreal CAN"]
[Date "2018.01.13"]
[Round "2"]
[White "Mellon-Ruel, Clarelie"]
[Black "Fernandez Busto, Edouard"]
[Result "0-1"]
[WhiteElo "1155"]
[BlackElo "1121"]
[PlyCount "50"]
[EventDate "2018.01.12"]
[EventType "swiss"]
[EventRounds "5"]
[EventCountry "CAN"]

1. d4 d5 2. Nf3 Nf6 3. e3 Nc6 4. Bd3 e6 5. O-O Bd6 6. Nbd2 Bd7 7. e4 dxe4 8.
Nxe4 O-O 9. Nxd6 cxd6 10. c3 h6 11. Bb1 Re8 12. Qc2 d5 13. g4 Ne4 14. Ne5 Nxe5
15. dxe5 Rf8 16. b3 Qh4 17. Ba3 Kh8 18. f3 Ng5 19. c4 Bc6 20. Bc1 dxc4 21. Bxg5
hxg5 22. Qxc4 Rad8 23. Be4 Rd2 24. h3 Qg3+ 25. Kh1 Rh2# 0-1

[Event "Quebec-ch U12"]
[Site "Montreal CAN"]
[Date "2018.01.13"]
[Round "2"]
[White "Navala, Anthony"]
[Black "Guipi Bopala, Prince Eric jr"]
[Result "0-1"]
[WhiteElo "1379"]
[BlackElo "1833"]
[PlyCount "86"]
[EventDate "2018.01.12"]
[EventType "swiss"]
[EventRounds "5"]
[EventCountry "CAN"]

1. d4 f5 2. c4 Nf6 3. Nc3 e6 4. Qc2 d5 5. Bg5 c6 6. g3 Bd6 7. cxd5 exd5 8. e3
h6 9. Bxf6 Qxf6 10. Nxd5 Qd8 11. Nc3 Be6 12. Bg2 O-O 13. Nge2 Na6 14. a3 Nc7
15. O-O Qe7 16. b4 a5 17. b5 Nxb5 18. Nxb5 cxb5 19. Bf3 Rac8 20. Qb2 Bc4 21.
Rfc1 Qd7 22. Nc3 b4 23. axb4 Bxb4 24. Na4 Qb5 25. Nc3 Bxc3 26. Qxc3 b6 27. Rab1
Qa6 28. Qb2 b5 29. Rxc4 bxc4 30. Bb7 Qd6 31. Bxc8 Rxc8 32. Qc2 Qd5 33. Ra1 Rb8
34. h4 Rb4 35. Kh2 Qb5 36. Qd2 a4 37. d5 Rb2 38. Qd1 Rxf2+ 39. Kg1 Qb2 40. Qe1
Rg2+ 41. Kf1 Rh2 42. Qd2 Qxd2 43. Ra2 Rh1# 0-1

[Event "Quebec-ch U12"]
[Site "Montreal CAN"]
[Date "2018.01.13"]
[Round "2"]
[White "Tsukerman, Julia"]
[Black "Lim, Nicolas"]
[Result "1-0"]
[WhiteElo "1585"]
[BlackElo "1119"]
[PlyCount "71"]
[EventDate "2018.01.12"]
[EventType "swiss"]
[EventRounds "5"]
[EventCountry "CAN"]

1. e4 c5 2. Nf3 g6 3. d4 cxd4 4. Nxd4 Bg7 5. Nc3 Nc6 6. Be3 Nf6 7. Bc4 O-O 8.
Bb3 h6 9. f3 Kh7 10. Qd2 Na5 11. O-O-O Nxb3+ 12. Nxb3 d6 13. g4 h5 14. h3 h4
15. Qf2 Rh8 16. Qxh4+ Kg8 17. Qg3 Ne8 18. Nd4 Be5 19. f4 Bf6 20. g5 Bg7 21. h4
e6 22. Rd2 a6 23. Rf1 Qc7 24. Kb1 Rh5 25. Rd3 Bd7 26. f5 Bxd4 27. Bxd4 exf5 28.
Nd5 Qb8 29. exf5 Bxf5 30. Ne7+ Kf8 31. Nxf5 gxf5 32. Rxf5 Qc8 33. Rff3 Qe6 34.
Qf2 Rh7 35. h5 d5 36. g6 1-0

[Event "Quebec-ch U12"]
[Site "Montreal CAN"]
[Date "2018.01.13"]
[Round "2"]
[White "Wang, Rachel"]
[Black "He, Jiaqi"]
[Result "0-1"]
[WhiteElo "1338"]
[BlackElo "1320"]
[PlyCount "144"]
[EventDate "2018.01.12"]
[EventType "swiss"]
[EventRounds "5"]
[EventCountry "CAN"]

1. e4 c5 2. Nf3 Nc6 3. d4 cxd4 4. Nxd4 Nf6 5. Nc3 e5 6. Ndb5 d6 7. Nd5 Nxd5 8.
Qxd5 Be6 9. Qd1 a6 10. Nc3 g6 11. Be3 Bg7 12. Nd5 O-O 13. Nb6 Rb8 14. Bc4 Nd4
15. Nd5 Rc8 16. Bd3 Bxd5 17. exd5 Re8 18. f3 f5 19. O-O e4 20. Bxe4 Nxf3+ 21.
gxf3 fxe4 22. fxe4 Rxe4 23. Qf3 Qe7 24. Bf2 Rxc2 25. Rab1 Ree2 26. Bg3 Rxb2 27.
Rbc1 Rbc2 28. Rxc2 Rxc2 29. Bxd6 Qe8 30. Qb3 Bd4+ 31. Kh1 Qe4+ 32. Qf3 Qxf3+
33. Rxf3 Bg7 34. a3 Rd2 35. Re3 Rxd5 36. Bb4 Re5 37. Rc3 Re1+ 38. Kg2 Bxc3 39.
Bxc3 Re3 40. Bb4 Kf7 41. Kf2 Rb3 42. Ke2 b6 43. Kd2 Rb2+ 44. Kc3 Rxh2 45. Kd4
Rc2 46. Bc3 g5 47. Kd3 Rf2 48. Ke3 Rf5 49. Be1 h5 50. Bg3 g4 51. Bh4 Rf3+ 52.
Ke2 Rxa3 53. Kd2 b5 54. Kc2 b4 55. Kb2 g3 56. Bd8 g2 57. Bb6 h4 58. Bg1 h3 59.
Kb1 Rf3 60. Kc2 Rf1 61. Bh2 g1=Q 62. Bxg1 Rxg1 63. Kb3 h2 64. Kxb4 h1=Q 65. Kc4
Rd1 66. Kc5 Qd5+ 67. Kb4 a5+ 68. Kc3 Qc5+ 69. Kb2 Rd4 70. Kb3 Rb4+ 71. Ka2 Qc2+
72. Ka3 Qb3# 0-1

[Event "Quebec-ch U12"]
[Site "Montreal CAN"]
[Date "2018.01.13"]
[Round "2"]
[White "Zheng, Richard"]
[Black "Moisan, Pier-Philippe"]
[Result "1-0"]
[WhiteElo "2094"]
[BlackElo "1349"]
[PlyCount "147"]
[EventDate "2018.01.12"]
[EventType "swiss"]
[EventRounds "5"]
[EventCountry "CAN"]

1. d4 d5 2. c4 c6 3. Nc3 Nf6 4. e3 e6 5. Bd3 Bb4 6. Qc2 Bd7 7. Nge2 c5 8. Bd2
Nc6 9. Nb5 O-O 10. a3 Bxd2+ 11. Qxd2 a6 12. Nbc3 cxd4 13. exd4 Na5 14. Rd1 Nxc4
15. Qc2 b5 16. h4 h6 17. Qc1 Ng4 18. b3 Nd6 19. Qf4 e5 20. dxe5 Ne4 21. Nxe4
dxe4 22. Bxe4 Ra7 23. Bf5 h5 24. Qd4 Qc7 25. Qxd7 Qxd7 26. Rxd7 Rxd7 27. Bxd7
Nxe5 28. Bf5 g6 29. Bb1 Rd8 30. f3 Nd3+ 31. Bxd3 Rxd3 32. Nc1 Re3+ 33. Kd2 Re6
34. Re1 Rd6+ 35. Nd3 Rd4 36. Re4 Rd6 37. Kc3 Rc6+ 38. Kb4 Rc2 39. g3 Rd2 40.
Re3 Rg2 41. f4 Rd2 42. Nc5 Rd4+ 43. Ka5 b4 44. axb4 Kg7 45. Nxa6 Kf6 46. Nc5
Rd5 47. Kb6 Rd4 48. b5 Kf5 49. Kc6 Rd8 50. b6 Rc8+ 51. Kd6 f6 52. b7 Rb8 53.
Kc7 Rf8 54. b8=Q Rxb8 55. Kxb8 Kg4 56. Re6 Kf5 57. b4 g5 58. hxg5 fxg5 59. fxg5
Kxg5 60. Re5+ Kg6 61. Rxh5 Kxh5 62. b5 Kg4 63. b6 Kxg3 64. b7 Kf4 65. Kc8 Kf5
66. Ne4 Kxe4 67. b8=Q Kd5 68. Qb5+ Ke6 69. Qc5 Kf7 70. Qd6 Kg7 71. Qe6 Kf8 72.
Kd7 Kg7 73. Ke7 Kh7 74. Kf7 1-0

[Event "Quebec-ch U12"]
[Site "Montreal CAN"]
[Date "2018.01.13"]
[Round "2"]
[White "Zhong, Ziyi"]
[Black "Liu, Daniel Orejuela"]
[Result "1-0"]
[WhiteElo "1313"]
[BlackElo "1134"]
[PlyCount "159"]
[EventDate "2018.01.12"]
[EventType "swiss"]
[EventRounds "5"]
[EventCountry "CAN"]

1. e4 c5 2. Nf3 Nc6 3. d4 cxd4 4. Nxd4 e5 5. Nb5 d6 6. N1c3 a6 7. Na3 Nf6 8.
Bg5 Be7 9. Bd3 b5 10. Ne2 Bb7 11. Ng3 Nd4 12. c3 Ne6 13. Bh4 Nf4 14. O-O Ng6
15. Bg5 h6 16. Bd2 O-O 17. f3 Nf4 18. Bxf4 exf4 19. Nf5 Bc8 20. Nd4 Be6 21.
Nac2 Qc7 22. Kh1 Bc4 23. b3 Bxd3 24. Qxd3 Rac8 25. Ne2 Nh7 26. Ncd4 Bg5 27.
Rac1 g6 28. Ng1 Bf6 29. Nde2 Be5 30. Nh3 g5 31. Nf2 Qa5 32. Rc2 Qb6 33. Ng4 Kg7
34. Rd1 Rc6 35. Nd4 Bxd4 36. cxd4 Rfc8 37. Re2 Rc3 38. Qb1 Qc7 39. d5 f6 40.
Kg1 Qc5+ 41. Nf2 Rc1 42. Qd3 Rc3 43. Qd2 Rc1 44. Kf1 Qa3 45. Nd3 R1c2 46. Qxc2
Rxc2 47. Rxc2 Kg6 48. Rdd2 Nf8 49. b4 Kf7 50. Ke2 a5 51. Rc7+ Ke8 52. Ra7 a4
53. Rc7 h5 54. Rdc2 h4 55. R7c3 Qxc3 56. Rxc3 Kd7 57. Nf2 Ng6 58. Ng4 Ne5 59.
Nxe5+ fxe5 60. Rc6 Ke7 61. Rb6 Kd7 62. Rxb5 Kc7 63. Ra5 Kb6 64. Rxa4 Kb5 65.
Ra8 Kxb4 66. Rg8 Ka3 67. Rxg5 Kxa2 68. Rg6 Kb3 69. Rxd6 Kc4 70. Rc6+ Kb5 71.
Kf2 h3 72. gxh3 Ka5 73. h4 Kb5 74. h5 Ka5 75. h6 Kb5 76. h7 Ka5 77. h8=Q Kb5
78. Qb8+ Ka5 79. Qb7 Ka4 80. Ra6# 1-0

[Event "Quebec-ch U12"]
[Site "Montreal CAN"]
[Date "2018.01.13"]
[Round "3"]
[White "Guipi Bopala, Prince Eric jr"]
[Black "Tsukerman, Julia"]
[Result "1-0"]
[WhiteElo "1833"]
[BlackElo "1585"]
[PlyCount "53"]
[EventDate "2018.01.12"]
[EventType "swiss"]
[EventRounds "5"]
[EventCountry "CAN"]

1. d4 Nf6 2. Bf4 g6 3. c3 Bg7 4. Nd2 O-O 5. e3 d6 6. h3 Nbd7 7. Ngf3 c5 8. Be2
b6 9. O-O Bb7 10. Bh2 Re8 11. Re1 cxd4 12. exd4 h6 13. Bf1 a6 14. a4 Rc8 15.
Nc4 Ne4 16. Qd3 f5 17. Nfd2 e5 18. Nxe4 Bxe4 19. Qd2 Re6 20. d5 Rf6 21. f3 Nc5
22. fxe4 Nxe4 23. Qe3 Nc5 24. b4 Ne4 25. Rec1 Rf7 26. Ra3 Rd7 27. Qxb6 1-0

[Event "Quebec-ch U12"]
[Site "Montreal CAN"]
[Date "2018.01.13"]
[Round "3"]
[White "He, Jiaqi"]
[Black "Fernandez Busto, Edouard"]
[Result "1/2-1/2"]
[WhiteElo "1320"]
[BlackElo "1121"]
[PlyCount "132"]
[EventDate "2018.01.12"]
[EventType "swiss"]
[EventRounds "5"]
[EventCountry "CAN"]

1. e4 e5 2. Nf3 Nc6 3. Nc3 Nf6 4. Bb5 d6 5. h3 Bd7 6. Bc4 h6 7. O-O Be7 8. Re1
O-O 9. d3 Be6 10. Nd5 Re8 11. c3 Bxd5 12. exd5 Na5 13. Bb5 c6 14. dxc6 Nxc6 15.
d4 exd4 16. Nxd4 Qc7 17. Qf3 Rac8 18. Bf4 a6 19. Ba4 Nxd4 20. cxd4 b5 21. Bb3
Qb6 22. Rad1 a5 23. Qg3 Nh5 24. Qg6 Nxf4 25. Qxf7+ Kh8 26. Qxf4 Bg5 27. Rxe8+
Rxe8 28. Qf7 Qd8 29. Qf5 Re2 30. Bc2 Kg8 31. Qd3 Qe7 32. Bb3+ Kf8 33. Qf3+ Bf6
34. Qa8+ Qe8 35. Qxa5 Rxb2 36. Qa3 Re2 37. Qxd6+ Be7 38. Qd5 Bf6 39. Qg8+ Ke7
40. Qxe8+ Kxe8 41. Kf1 Rb2 42. d5 Kd7 43. g3 Kd6 44. Kg2 Re2 45. Kf3 Re5 46. g4
g6 47. Rc1 b4 48. Rc6+ Ke7 49. Re6+ Rxe6 50. dxe6 Kd6 51. Ke4 g5 52. Kf5 Be7
53. f4 Kc5 54. fxg5 hxg5 55. Kg6 Kd6 56. Kf7 Bd8 57. Kg6 Be7 58. Kf5 Kc5 59.
Ke5 Bd8 60. Ke4 Be7 61. Kd3 Bd8 62. Bd1 Kd5 63. Bb3+ Kc5 64. Ba4 Kd5 65. Bd7
Be7 66. Bc8 Bd8 1/2-1/2

[Event "Quebec-ch U12"]
[Site "Montreal CAN"]
[Date "2018.01.13"]
[Round "3"]
[White "Jain, Ankita"]
[Black "Navala, Anthony"]
[Result "0-1"]
[WhiteElo "1264"]
[BlackElo "1379"]
[PlyCount "44"]
[EventDate "2018.01.12"]
[EventType "swiss"]
[EventRounds "5"]
[EventCountry "CAN"]

1. e4 e6 2. d4 d5 3. Nc3 Nf6 4. Bg5 Be7 5. exd5 exd5 6. g3 h6 7. Bf4 O-O 8. Bg2
Bd6 9. Bd2 Re8+ 10. Nge2 Bg4 11. h3 Bh5 12. g4 Bg6 13. g5 Ne4 14. gxh6 Ng3 15.
Rg1 Nf5 16. Kf1 gxh6 17. Bxd5 Kh7 18. Bxb7 Nd7 19. Bxa8 Qxa8 20. Bf4 Qf3 21.
Bxd6 Ne3+ 22. Ke1 Nxd1 {...} 0-1

[Event "Quebec-ch U12"]
[Site "Montreal CAN"]
[Date "2018.01.13"]
[Round "3"]
[White "Lim, Nicolas"]
[Black "Gonzalez, Tristan"]
[Result "0-1"]
[WhiteElo "1119"]
[BlackElo "1322"]
[PlyCount "47"]
[EventDate "2018.01.12"]
[EventType "swiss"]
[EventRounds "5"]
[EventCountry "CAN"]

1. c4 e5 2. g3 Nc6 3. Bg2 f5 4. Nc3 Bb4 5. a3 Bxc3 6. bxc3 Nf6 7. e3 d6 8. d4
e4 9. Ne2 O-O 10. O-O Qe8 11. Nf4 g5 12. Nh3 h6 13. Qb3 Qh5 14. Qd1 Qe8 15. Re1
Bd7 16. Rb1 Qc8 17. Kf1 f4 18. Ng1 f3 19. Nxf3 exf3 20. Qxf3 Bh3 21. Bxh3 Qxh3+
22. Kg1 g4 23. Qf4 Nh5 24. Qxh6 0-1

[Event "Quebec-ch U12"]
[Site "Montreal CAN"]
[Date "2018.01.13"]
[Round "3"]
[White "Liu, Daniel Orejuela"]
[Black "Roy, Benjamin"]
[Result "1-0"]
[WhiteElo "1134"]
[BlackElo "1133"]
[PlyCount "85"]
[EventDate "2018.01.12"]
[EventType "swiss"]
[EventRounds "5"]
[EventCountry "CAN"]

1. e4 e5 2. Nf3 Nc6 3. Bc4 Nf6 4. Ng5 d5 5. exd5 Nxd5 6. Nxf7 Kxf7 7. Qf3+ Qf6
8. Qxd5+ Be6 9. Qxe6+ Qxe6 10. Bxe6+ Kxe6 11. O-O Nd4 12. Na3 b5 13. c3 Ne2+
14. Kh1 a6 15. Re1 Nf4 16. d4 Nd3 17. Re2 Bd6 18. dxe5 Bxe5 19. f4 Rhf8 20. Bd2
Nxf4 21. Bxf4 Rxf4 22. Rae1 Raf8 23. Kg1 R8f5 24. Nc2 Kf6 25. g3 Rf3 26. Ne3
Rg5 27. Kg2 Rf4 28. Nd5+ Kg6 29. Nxf4+ Bxf4 30. Kf3 Bd6 31. Re4 Rf5+ 32. Kg2
Bc5 33. Rf4 Rd5 34. Re2 Kh5 35. Rfe4 Bd6 36. Kh3 g5 37. Rg4 h6 38. Rd4 Rf5 39.
Re6 Rf3 40. Kg2 Bf4 41. Kxf3 Be5 42. g4+ Kh4 43. Rxh6# 1-0

[Event "Quebec-ch U12"]
[Site "Montreal CAN"]
[Date "2018.01.13"]
[Round "3"]
[White "Liu, Kevin"]
[Black "Zheng, Richard"]
[Result "0-1"]
[WhiteElo "1556"]
[BlackElo "2094"]
[PlyCount "64"]
[EventDate "2018.01.12"]
[EventType "swiss"]
[EventRounds "5"]
[EventCountry "CAN"]

1. c4 e5 2. g3 g6 3. e4 Bg7 4. Bg2 d6 5. d3 Ne7 6. Ne2 O-O 7. O-O Be6 8. Be3 c5
9. Nbc3 Nbc6 10. a3 Qd7 11. Rb1 a5 12. Nd5 Rab8 13. Nec3 f5 14. f4 b6 15. Nb5
Na7 16. Nxa7 Qxa7 17. b4 Nxd5 18. exd5 Bd7 19. Qd2 Qc7 20. fxe5 Bxe5 21. Rfe1
axb4 22. axb4 Rfe8 23. Rbc1 Bh8 24. Bf1 Ra8 25. Rc2 Ra4 26. bxc5 bxc5 27. Rec1
Rxe3 28. Bg2 Bd4 29. Kh1 Ra3 30. Re1 Raxd3 31. Qc1 Ba4 32. Rd2 Bc3 0-1

[Event "Quebec-ch U12"]
[Site "Montreal CAN"]
[Date "2018.01.13"]
[Round "3"]
[White "Mellon-Ruel, Clarelie"]
[Black "Wang, Rachel"]
[Result "0-1"]
[WhiteElo "1155"]
[BlackElo "1338"]
[PlyCount "120"]
[EventDate "2018.01.12"]
[EventType "swiss"]
[EventRounds "5"]
[EventCountry "CAN"]

1. d4 d5 2. Nf3 Nf6 3. e3 g6 4. Bd3 Bg7 5. O-O O-O 6. Nbd2 c6 7. e4 dxe4 8.
Nxe4 Nxe4 9. Bxe4 Bg4 10. c3 Nd7 11. d5 Nc5 12. Qe1 Nxe4 13. Qxe4 Bf5 14. Qh4
Bf6 15. Ng5 Bxg5 16. Bxg5 f6 17. Bh6 g5 18. Qh5 Bg6 19. Qg4 Re8 20. Qe6+ Bf7
21. Qg4 Qxd5 22. c4 Qxc4 23. Qxc4 Bxc4 24. Rfd1 Rad8 25. Rxd8 Rxd8 26. b3 Be6
27. Re1 Kf7 28. h3 Bd5 29. Rd1 Kg6 30. Bxg5 fxg5 31. g3 Rd7 32. f4 Be6 33. Rxd7
Bxd7 34. Kg2 gxf4 35. gxf4 Bf5 36. Kg3 Bb1 37. Kg4 h5+ 38. Kh4 Bxa2 39. f5+
Kxf5 40. Kxh5 Bxb3 41. h4 a5 42. Kh6 a4 43. h5 Bd1 44. Kg7 Bxh5 45. Kh6 Bg6 46.
Kg7 a3 47. Kf8 a2 48. Kxe7 a1=Q 49. Kd7 Qf6 50. Kc7 Qe6 51. Kb6 Qd5 52. Kc7 Ke6
53. Kb6 Qb5+ 54. Kc7 c5 55. Kb8 Qd7 56. Ka8 b5 57. Kb8 Kd6 58. Ka8 c4 59. Kb8
Qc7+ 60. Ka8 Be4# 0-1

[Event "Quebec-ch U12"]
[Site "Montreal CAN"]
[Date "2018.01.13"]
[Round "3"]
[White "Moisan, Pier-Philippe"]
[Black "Zhong, Ziyi"]
[Result "1-0"]
[WhiteElo "1349"]
[BlackElo "1313"]
[PlyCount "131"]
[EventDate "2018.01.12"]
[EventType "swiss"]
[EventRounds "5"]
[EventCountry "CAN"]

1. e4 e5 2. Nf3 Nc6 3. Nc3 Nf6 4. Bc4 Nxe4 5. Nxe4 d5 6. Bxd5 Qxd5 7. Nc3 Qd8
8. h3 Bc5 9. O-O O-O 10. d3 Be6 11. Be3 Be7 12. Qd2 h6 13. Rfe1 f5 14. Qe2 Bf6
15. Bd2 a6 16. a3 Qd6 17. Rad1 Rae8 18. Qf1 Bd5 19. Nh2 Nd4 20. Rc1 f4 21. Ne4
Bxe4 22. dxe4 Bh4 23. Bb4 c5 24. Qc4+ Ne6 25. Bc3 b5 26. Qd5 Qxd5 27. exd5 Nd4
28. Bxd4 exd4 29. Nf3 Bf6 30. Re6 a5 31. Rce1 Rd8 32. d6 Rd7 33. Ne5 Bxe5 34.
R1xe5 Rc8 35. Rd5 Kf7 36. Ree5 b4 37. axb4 axb4 38. Rxc5 Rxc5 39. Rxc5 Rxd6 40.
Rf5+ Rf6 41. Rd5 g5 42. Rxd4 Rc6 43. Rxb4 Rxc2 44. Rb7+ Kg6 45. Rb6+ Kg7 46. f3
h5 47. b4 Rc8 48. b5 Re8 49. Rc6 Rb8 50. b6 Kf7 51. Rh6 Kg7 52. Rc6 Kf7 53. Kf2
Ke7 54. g3 Kd7 55. Rg6 fxg3+ 56. Kxg3 g4 57. hxg4 hxg4 58. fxg4 Ke7 59. Kf4 Kf7
60. Rc6 Kg7 61. g5 Rf8+ 62. Ke5 Rb8 63. Kd6 Kf7 64. Kc7 Ra8 65. b7 Ra7 66. Kc8
1-0

[Event "Quebec-ch U12"]
[Site "Montreal CAN"]
[Date "2018.01.14"]
[Round "4"]
[White "Fernandez Busto, Edouard"]
[Black "Wang, Rachel"]
[Result "0-1"]
[WhiteElo "1121"]
[BlackElo "1338"]
[PlyCount "108"]
[EventDate "2018.01.12"]
[EventType "swiss"]
[EventRounds "5"]
[EventCountry "CAN"]

1. e4 c5 2. Nf3 Nc6 3. Nc3 Nf6 4. d3 g6 5. Be3 b6 6. Be2 Bg7 7. O-O d5 8. exd5
Nxd5 9. Nxd5 Qxd5 10. c4 Qd6 11. Qc1 Bf5 12. Rd1 e5 13. a3 O-O 14. Bh6 Rfd8 15.
Bxg7 Kxg7 16. Qg5 f6 17. Qd2 Rd7 18. Rac1 Rc8 19. Rc3 g5 20. h3 h6 21. Ne1 e4
22. g4 Bg6 23. Qe3 Nd4 24. Bf1 Ne6 25. f3 Qd4 26. Qxd4 Rxd4 27. fxe4 Bxe4 28.
Kf2 a6 29. b3 f5 30. Nf3 Bxf3 31. Kxf3 Rf4+ 32. Kg3 fxg4 33. hxg4 Nd4 34. Re1
Rxf1 35. Rxf1 Ne2+ 36. Kf3 Nxc3 37. Ke3 Re8+ 38. Kd2 Ne2 39. Re1 Kg6 40. Rxe2
Rxe2+ 41. Kxe2 h5 42. gxh5+ Kxh5 43. Kf3 g4+ 44. Kg3 Kg5 45. b4 Kf5 46. bxc5
bxc5 47. d4 cxd4 48. c5 d3 49. c6 Ke6 50. Kf2 d2 51. c7 Kd7 52. Ke2 g3 53. Kxd2
g2 54. c8=B+ Kxc8 0-1

[Event "Quebec-ch U12"]
[Site "Montreal CAN"]
[Date "2018.01.14"]
[Round "4"]
[White "Gonzalez, Tristan"]
[Black "He, Jiaqi"]
[Result "1/2-1/2"]
[WhiteElo "1322"]
[BlackElo "1320"]
[PlyCount "70"]
[EventDate "2018.01.12"]
[EventType "swiss"]
[EventRounds "5"]
[EventCountry "CAN"]

1. e4 c5 2. Nc3 Nc6 3. Bb5 a6 4. Bxc6 bxc6 5. f4 Nf6 6. d3 e6 7. Nf3 d5 8. e5
Ng4 9. h3 Nh6 10. O-O Be7 11. Qe1 O-O 12. g4 a5 13. Bd2 Ba6 14. Qc1 Kh8 15. Kh1
c4 16. d4 c5 17. Rg1 cxd4 18. Nxd4 Bc5 19. Be3 Qb6 20. Na4 Qc7 21. Nxc5 Qxc5
22. Nxe6 Qc6 23. Nxf8 d4+ 24. Kh2 dxe3 25. Qxe3 Rxf8 26. Rad1 Qa4 27. Qb6 Qxc2+
28. Kg3 Ra8 29. Rd8+ Rxd8 30. Qxd8+ Ng8 31. Rd1 h6 32. Qd2 Qa4 33. a3 Qb3+ 34.
Kh2 Qa4 35. Re1 Bb7 1/2-1/2

[Event "Quebec-ch U12"]
[Site "Montreal CAN"]
[Date "2018.01.14"]
[Round "4"]
[White "Liu, Daniel Orejuela"]
[Black "Jain, Ankita"]
[Result "1-0"]
[WhiteElo "1134"]
[BlackElo "1264"]
[PlyCount "105"]
[EventDate "2018.01.12"]
[EventType "swiss"]
[EventRounds "5"]
[EventCountry "CAN"]

1. e4 e5 2. Nf3 Nc6 3. Bc4 Nf6 4. Ng5 d5 5. exd5 Na5 6. Bb5+ c6 7. dxc6 Nxc6 8.
Bc4 Be6 9. Bxe6 fxe6 10. Nxe6 Qe7 11. Nxf8 Rxf8 12. d3 Qd6 13. Nc3 Rd8 14. Bg5
Qd4 15. Qe2 Qd6 16. O-O-O Nd4 17. Qd2 Rd7 18. Rhe1 Ng4 19. f4 Nc6 20. h3 Nf6
21. fxe5 Nxe5 22. Bf4 Re7 23. d4 Nfd7 24. Bxe5 Nxe5 25. Rxe5 Rxe5 26. dxe5
Qxd2+ 27. Rxd2 Rf1+ 28. Nd1 Re1 29. Rd3 Rxe5 30. Re3 Rxe3 31. Nxe3 Kf7 32. g4
Kf6 33. h4 Ke5 34. Ng2 Ke4 35. c4 Kd4 36. b3 Ke4 37. Kd2 Kf3 38. Ne3 Kg3 39. h5
Kh4 40. Kd3 g6 41. hxg6 hxg6 42. Kd4 Kg5 43. Ke5 Kh6 44. Kf6 Kh7 45. g5 Kg8 46.
Kxg6 b5 47. Kf6 bxc4 48. bxc4 a5 49. g6 a4 50. g7 a3 51. Nd5 Kh7 52. Kf7 Kh6
53. g8=Q 1-0

[Event "Quebec-ch U12"]
[Site "Montreal CAN"]
[Date "2018.01.14"]
[Round "4"]
[White "Navala, Anthony"]
[Black "Liu, Kevin"]
[Result "1-0"]
[WhiteElo "1379"]
[BlackElo "1556"]
[PlyCount "89"]
[EventDate "2018.01.12"]
[EventType "swiss"]
[EventRounds "5"]
[EventCountry "CAN"]

1. d4 d5 2. c4 dxc4 3. e4 e5 4. d5 Nf6 5. Nc3 Bb4 6. Qa4+ c6 7. Qxb4 cxd5 8.
exd5 Nxd5 9. Qb5+ Nc6 10. Qxd5 Bd7 11. Bxc4 O-O 12. Nge2 Nb4 13. Qe4 Bc6 14.
Bxf7+ Rxf7 15. Qxb4 Bxg2 16. Rg1 Bf3 17. Be3 e4 18. Rd1 Qh4 19. Qd6 Raf8 20.
Qg3 Qe7 21. Bg5 Qb4 22. Rd2 Qa5 23. Bh6 Qc7 24. Qxc7 Rxc7 25. Nd5 Rcf7 26. Nd4
Rc8 27. Nxf3 exf3 28. Rd3 Rc1+ 29. Bxc1 Kf8 30. Re3 Rf5 31. Nc7 Kf7 32. b3 h6
33. Bb2 g5 34. Rg3 Rc5 35. Rgxf3+ Kg6 36. Rf6+ Kh5 37. Rh3+ Kg4 38. Rhxh6 Rf5
39. h3+ Kf4 40. Re6 g4 41. Bc1+ Kf3 42. hxg4 Rc5 43. Rh3+ Kxg4 44. Rg3+ Kf5 45.
Rg5# 1-0

[Event "Quebec-ch U12"]
[Site "Montreal CAN"]
[Date "2018.01.14"]
[Round "4"]
[White "Roy, Benjamin"]
[Black "Mellon-Ruel, Clarelie"]
[Result "1-0"]
[WhiteElo "1133"]
[BlackElo "1155"]
[PlyCount "41"]
[EventDate "2018.01.12"]
[EventType "swiss"]
[EventRounds "5"]
[EventCountry "CAN"]

1. d4 d5 2. c4 Nf6 3. cxd5 Nxd5 4. e4 Nf6 5. e5 Nd5 6. Nf3 e6 7. Bg5 f6 8. exf6
Nxf6 9. Nc3 h6 10. Bh4 g5 11. Bg3 Ng4 12. Ne5 Nxe5 13. Bxe5 Rh7 14. Bd3 Rd7 15.
Qh5+ Rf7 16. Bg6 Bg7 17. Bxg7 Qe7 18. Bxh6 e5 19. O-O Be6 20. Bxg5 Kf8 21. Qh8#
1-0

[Event "Quebec-ch U12"]
[Site "Montreal CAN"]
[Date "2018.01.14"]
[Round "4"]
[White "Tsukerman, Julia"]
[Black "Moisan, Pier-Philippe"]
[Result "1-0"]
[WhiteElo "1585"]
[BlackElo "1349"]
[PlyCount "95"]
[EventDate "2018.01.12"]
[EventType "swiss"]
[EventRounds "5"]
[EventCountry "CAN"]

1. e4 e5 2. Nf3 Nc6 3. Bb5 d6 4. c3 Bd7 5. O-O Nf6 6. Re1 Ne7 7. Bxd7+ Nxd7 8.
d4 Ng6 9. Nbd2 Be7 10. Qb3 Nb6 11. a4 a5 12. Nf1 Qd7 13. Be3 Qc6 14. dxe5 dxe5
15. Bxb6 Qxb6 16. Qxb6 cxb6 17. Ne3 O-O 18. Nc4 f6 19. Nxb6 Rad8 20. Nc4 Nf4
21. Nxa5 Nd3 22. Re2 Bc5 23. Nxb7 Rb8 24. Nxc5 Nxc5 25. b4 Nd3 26. a5 Rfc8 27.
Re3 Nb2 28. Kf1 Rd8 29. Ke2 Rd7 30. Ra2 Nc4 31. Rd3 Rbd8 32. Rxd7 Rxd7 33. Nd2
Nd6 34. c4 Rc7 35. a6 Ra7 36. b5 Nc8 37. c5 Kf7 38. b6 Ra8 39. b7 Rb8 40. a7
Nxa7 41. Rxa7 Ke7 42. c6 Kd6 43. Ra8 Kc7 44. Rxb8 Kxb8 45. Kd3 g6 46. Kc4 f5
47. Kb5 f4 48. Kb6 1-0

[Event "Quebec-ch U12"]
[Site "Montreal CAN"]
[Date "2018.01.14"]
[Round "4"]
[White "Zheng, Richard"]
[Black "Guipi Bopala, Prince Eric jr"]
[Result "1-0"]
[WhiteElo "2094"]
[BlackElo "1833"]
[PlyCount "97"]
[EventDate "2018.01.12"]
[EventType "swiss"]
[EventRounds "5"]
[EventCountry "CAN"]

1. d4 f5 2. e4 fxe4 3. Nc3 Nf6 4. Bg5 g6 5. Bxf6 exf6 6. Nxe4 Bg7 7. Nf3 O-O 8.
Be2 d6 9. O-O Nc6 10. c3 Kh8 11. Re1 Bd7 12. Qd2 f5 13. Ng3 Qf6 14. b4 Rae8 15.
Bc4 Nd8 16. Rac1 Rxe1+ 17. Rxe1 Re8 18. Rxe8+ Bxe8 19. Qe3 Bf7 20. Bxf7 Qxf7
21. Ng5 Qd7 22. f4 Bf6 23. h4 Qe7 24. Kf2 Kg7 25. Qxe7+ Bxe7 26. Ke3 b5 27. d5
a6 28. Ne2 h6 29. Nf3 Bf6 30. Ned4 h5 31. a3 Kf8 32. Kd3 Ke7 33. c4 bxc4+ 34.
Kxc4 Kd7 35. a4 c6 36. dxc6+ Nxc6 37. Nxc6 Kxc6 38. Nd4+ Bxd4 39. Kxd4 Kb6 40.
Kd5 Kc7 41. b5 axb5 42. axb5 Kb6 43. Kxd6 Kxb5 44. Ke6 Kc4 45. Kf6 Kd4 46. Kxg6
Ke4 47. g3 Kf3 48. Kxh5 Kxg3 49. Kg5 1-0

[Event "Quebec-ch U12"]
[Site "Montreal CAN"]
[Date "2018.01.14"]
[Round "4"]
[White "Zhong, Ziyi"]
[Black "Lim, Nicolas"]
[Result "1-0"]
[WhiteElo "1313"]
[BlackElo "1119"]
[PlyCount "51"]
[EventDate "2018.01.12"]
[EventType "swiss"]
[EventRounds "5"]
[EventCountry "CAN"]

1. e4 c5 2. Nf3 g6 3. d4 cxd4 4. Nxd4 Bg7 5. c4 Nc6 6. Be3 Nf6 7. Nc3 Qa5 8. f3
O-O 9. Be2 Ne5 10. O-O Re8 11. f4 Bh6 12. Bc1 Nc6 13. e5 Nxd4 14. Qxd4 Nh5 15.
g4 Ng7 16. Qf2 Ne6 17. f5 Bxc1 18. Raxc1 Ng7 19. fxg6 f6 20. gxh7+ Kxh7 21.
exf6 exf6 22. Nd5 Re6 23. Qh4+ Kg8 24. Nxf6+ Kf8 25. Nd5+ Ke8 26. Qh8# 1-0